[Event "Sochi Amateur op 6th"]
[Site "Sochi"]
[Date "2019.04.07"]
[Round "1"]
[White "Lopukhin, Anatoly Viktorovich"]
[Black "Tuzhba, Konstantin"]
[Result "1-0"]
[WhiteElo "2266"]
[BlackElo "1870"]
[PlyCount "65"]
[EventDate "2019.04.07"]
[EventType "swiss"]
[EventRounds "9"]
[EventCountry "RUS"]
[SourceTitle "CBM 189 Extra"]
[Source "ChessBase"]
[SourceDate "2019.06.03"]
[SourceVersion "1"]
[SourceVersionDate "2019.06.03"]
[SourceQuality "1"]

1. c4 Nf6 2. Nc3 d6 3. d4 g6 4. e4 Bg7 5. h3 Nbd7 6. Be3 0-0 7. Nf3 e5 8. d5 a5 9. g4 b6 10. Be2 Nc5 11. Nd2 Bb7 12. h4 c6 13. h5 cxd5 14. cxd5 Ba6 15. Bxa6 Nxa6 16. Qe2 Nc5 17. f3 Qd7 18. Qb5 Rfc8 19. Qxd7 Nfxd7 20. Ke2 b5 21. Nxb5 Rcb8 22. Nxd6 Rxb2 23. hxg6 hxg6 24. N6c4 Rb4 25. a3 Rb5 26. Rab1 Rab8 27. Rxb5 Rxb5 28. Rb1 Rxb1 29. Nxb1 Nb3 30. Nbd2 a4 31. Nxb3 axb3 32. Kd3 Bf8 33. Kc3 1-0

[Event "Moscow op-E"]
[Site "Moscow"]
[Date "2011.02.06"]
[Round "9.165"]
[White "Tuzhba, Konstantin"]
[Black "Volodin, Ivan"]
[Result "0-1"]
[WhiteElo "1950"]
[BlackElo "2231"]
[PlyCount "70"]
[EventDate "2011.01.29"]
[EventType "swiss"]
[EventRounds "9"]
[EventCountry "RUS"]
[SourceTitle "EXT 2022"]
[Source "ChessBase"]
[SourceDate "2021.10.06"]
[SourceVersion "1"]
[SourceVersionDate "2021.10.06"]
[SourceQuality "1"]

1. e4 c5 2. Nf3 Nc6 3. d4 cxd4 4. Nxd4 Qb6 5. Nb3 Nf6 6. Nc3 e6 7. Be3 Qc7 8. Be2 Bb4 9. 0-0 Bxc3 10. bxc3 Nxe4 11. Bd3 Nf6 12. f4 b6 13. f5 e5 14. c4 Bb7 15. c5 Nb4 16. Qe2 Nxd3 17. cxd3 Nd5 18. Rac1 Nxe3 19. Qxe3 f6 20. Kh1 0-0 21. h4 Rac8 22. h5 h6 23. d4 Rfe8 24. Rfd1 exd4 25. Qf2 Re3 26. Qh4 Re4 27. Qf2 Qe5 28. cxb6 Rxc1 29. Nxc1 axb6 30. Nd3 Re2 31. Nxe5 Rxf2 32. Nxd7 Rxg2 33. Rf1 Rxa2+ 34. Kg1 Rg2+ 35. Kh1 d3 0-1

[Event "Doroshkevich Memorial op"]
[Site "Belorechensk"]
[Date "2009.05.29"]
[Round "7"]
[White "Lyubavin, Vitali"]
[Black "Tuzhba, Konstantin"]
[Result "1/2-1/2"]
[WhiteElo "2021"]
[BlackElo "1920"]
[PlyCount "90"]
[EventDate "2009.05.23"]
[EventType "swiss"]
[EventRounds "9"]
[EventCountry "RUS"]
[SourceTitle "CBM 130 Extra"]
[Source "ChessBase"]
[SourceDate "2009.07.02"]
[SourceVersion "2"]
[SourceVersionDate "2009.07.15"]
[SourceQuality "1"]

1. e4 e5 2. Nf3 Nf6 3. Nxe5 d6 4. Nf3 Nxe4 5. Qe2 Qe7 6. d3 Nf6 7. Nc3 Nc6 8. Bg5 Qxe2+ 9. Bxe2 Be7 10. 0-0-0 Be6 11. d4 Bf5 12. Rhe1 0-0 13. Bb5 Bd8 14. d5 Nb4 15. Nd4 Bg6 16. Bxf6 Bxf6 17. a3 Na6 18. Ne4 Bxe4 19. Rxe4 Nc5 20. Ree1 a6 21. Bc4 Rfe8 22. Nf3 Kf8 23. Bd3 g6 24. c3 h5 25. Kc2 Rxe1 26. Rxe1 Re8 27. Rxe8+ Kxe8 28. b4 Na4 29. c4 Ke7 30. Kb3 Nc3 31. Kc2 Kd7 32. Nd2 b5 33. cxb5 axb5 34. h3 h4 35. Ne4 Nxe4 36. Bxe4 Bd4 37. Bd3 c6 38. f3 g5 39. Kb3 Kc7 40. Be4 c5 41. a4 bxa4+ 42. Kxa4 cxb4 43. Kxb4 f6 44. f4 Be3 45. fxg5 fxg5 1/2-1/2

[Event "Doroshkevich Memorial op"]
[Site "Belorechensk"]
[Date "2009.05.28"]
[Round "6"]
[White "Tuzhba, Konstantin"]
[Black "Karabakthsian, Ararat"]
[Result "1/2-1/2"]
[WhiteElo "1920"]
[BlackElo "2039"]
[PlyCount "101"]
[EventDate "2009.05.23"]
[EventType "swiss"]
[EventRounds "9"]
[EventCountry "RUS"]
[SourceTitle "CBM 130 Extra"]
[Source "ChessBase"]
[SourceDate "2009.07.02"]
[SourceVersion "2"]
[SourceVersionDate "2009.07.15"]
[SourceQuality "1"]

1. d4 Nf6 2. c4 g6 3. Nc3 Bg7 4. e4 d6 5. Nf3 e5 6. d5 0-0 7. Be2 h6 8. Be3 Ng4 9. Bd2 f5 10. 0-0 f4 11. b4 h5 12. c5 Kh8 13. cxd6 cxd6 14. Rc1 Bd7 15. Nb5 Bxb5 16. Bxb5 a6 17. Be2 Nd7 18. Qc2 Rc8 19. Qxc8 Qxc8 20. Rxc8 Rxc8 21. Rc1 Rxc1+ 22. Bxc1 Bh6 23. Nd2 b5 24. a4 bxa4 25. Bxa6 f3 26. gxf3 Ngf6 27. Kf1 a3 28. Nb3 Bxc1 29. Nxc1 g5 30. Nb3 g4 31. Ke2 Kg7 32. Ke3 Kg6 33. f4 h4 34. fxe5 Nxe5 35. Be2 Kg5 36. b5 Nfd7 37. f4+ gxf3 38. Bxf3 a2 39. Be2 Nc5 40. Na1 Ng4+ 41. Bxg4 Kxg4 42. Kd4 Nd7 43. Kc3 Kh3 44. Kb2 Kxh2 45. Nc2 Kg3 46. Ne3 h3 47. Kxa2 Kf3 48. Nf1 Kxe4 49. Kb3 Kxd5 50. Kb4 Nb6 51. Ne3+ 1/2-1/2

[Event "Gagra op"]
[Site "Gagra"]
[Date "2008.09.23"]
[Round "6"]
[White "Tuzhba, Konstantin"]
[Black "Zhukov, Viktor Andreevich"]
[Result "0-1"]
[WhiteElo "1920"]
[BlackElo "2220"]
[PlyCount "71"]
[EventDate "2008.09.18"]
[EventType "swiss"]
[EventRounds "9"]
[EventCountry "GEO"]
[SourceTitle "EXT 2011"]
[Source "ChessBase"]
[SourceDate "2010.11.26"]
[SourceVersion "1"]
[SourceVersionDate "2010.11.26"]
[SourceQuality "1"]

1. d4 Nf6 2. c4 g6 3. Nc3 Bg7 4. e4 d6 5. Nf3 0-0 6. Be2 e5 7. d5 a5 8. h3 Na6 9. Be3 Nh5 10. Qd2 Qe8 11. 0-0 f5 12. Bh6 Nf4 13. Bxg7 Kxg7 14. Ne1 Nc5 15. f3 Qe7 16. Nd3 fxe4 17. Nxf4 Rxf4 18. fxe4 Nxe4 19. Nxe4 Rxe4 20. Rf2 g5 21. Bh5 Rf4 22. Raf1 Bf5 23. g3 Rxf2 24. Rxf2 Bg6 25. Bg4 b6 26. b4 axb4 27. Qxb4 Rf8 28. Qa4 e4 29. Rxf8 Qxf8 30. Qd7+ Kh6 31. Qe6 Qg7 32. Bf5 Qa1+ 33. Kf2 Qxa2+ 34. Ke3 Qxc4 35. Bxg6 Qd3+ 36. Kf2 0-1